000 00479nam a2200169Ia 4500
008 090711s9999 xx 000 0 und d
082 _b41823
100 _aभागवत यशवंत
245 _aमुग्धकलिका
260 _c1980
300 _a195
600 _aभागवत यशवंत
630 _aमुग्धकलिका
700 _aभागवत यशवंत
730 _aमुग्धकलिका
942 _cBOOK
999 _c294720
_d294720